[Event "Havana Province-ch sf 1st Cat"]
[Site "San Nicolas de Bari"]
[Date "2009.09.16"]
[Round "5"]
[White "Leyva Lozada, Marcos Antonio"]
[Black "Alvarez Garcia, Mario Alberto"]
[Result "0-1"]
[WhiteElo "2029"]
[BlackElo "2087"]
[PlyCount "98"]
[EventDate "2009.09.14"]
[EventType "swiss"]
[EventRounds "9"]
[EventCountry "CUB"]
[SourceTitle "EXT 2019"]
[Source "ChessBase"]
[SourceDate "2018.10.10"]
[SourceVersion "1"]
[SourceVersionDate "2018.10.10"]
[SourceQuality "1"]

1. e4 c5 2. Nf3 e6 3. Nc3 a6 4. g3 Nc6 5. Bg2 g6 6. d3 Bg7 7. 0-0 Nge7 8. Bf4 d6 9. Qd2 0-0 10. Bh6 Nd4 11. Nxd4 cxd4 12. Bxg7 Kxg7 13. Ne2 Qb6 14. c3 dxc3 15. Qxc3+ Kg8 16. Rac1 Nc6 17. d4 Bd7 18. h4 Rac8 19. Qd2 Qb4 20. Qe3 e5 21. dxe5 dxe5 22. f4 exf4 23. gxf4 Bg4 24. Nc3 Qd4 25. Nd5 Kg7 26. Rxc6 Qxe3+ 27. Nxe3 Rxc6 28. Nxg4 Rc2 29. Rf2 Rxf2 30. Kxf2 Rc8 31. Ne3 f6 32. Bh3 Rc6 33. Bd7 Rd6 34. Ba4 Rd2+ 35. Kf3 Rxb2 36. Bb3 b5 37. e5 fxe5 38. fxe5 a5 39. Bd5 Kf8 40. Ke4 Rb4+ 41. Kd3 Rxh4 42. Bc6 Ke7 43. Bxb5 Ke6 44. Nc4 Kd5 45. Nxa5 Rh3+ 46. Kd2 Ra3 47. Bc6+ Kc5 48. e6 Rxa2+ 49. Ke3 Kd6 0-1